... Ešte jeden podpis, prosím...

Zjednodušenie a zrýchlenie práce v samospráve miest a obcí, ktoré prináša zavedenie elektronického podpisu. Hessensko, jeden z nemeckých spolkových štátov, ktorý využíva systém SAP Online Application Submission Management 2.0. a jeho využitie. Spokojnosť občanov či podnikateľov, ktorí sa obracajú na...

Descrizione completa

Salvato in:
Dettagli Bibliografici
Autore principale: Ondruš, Martin
Natura: Capitolo di libro
Lingua:slovacco
Soggetti:
Tags: Aggiungi Tag
Nessun Tag, puoi essere il primo ad aggiungerne!!

MARC

LEADER 00000naa a2200000 4500
001 0151989
005 20231005103041.9
041 0 |a slo 
044 |a SK 
245 1 0 |a ... Ešte jeden podpis, prosím...  |c Martin Ondruš 
520 |a Zjednodušenie a zrýchlenie práce v samospráve miest a obcí, ktoré prináša zavedenie elektronického podpisu. Hessensko, jeden z nemeckých spolkových štátov, ktorý využíva systém SAP Online Application Submission Management 2.0. a jeho využitie. Spokojnosť občanov či podnikateľov, ktorí sa obracajú na samosprávu so svojimi požiadavkami. 
610 2 0 |a manažment verejnej správy 
610 2 0 |a samospráva regionálna 
610 2 0 |a správa verejná elektronická 
610 2 0 |a dokumenty elektronické 
610 2 0 |a podpis elektronický 
610 2 0 |a euroregióny 
610 2 0 |a Nemecko 
100 1 |a Ondruš, Martin